[Event "CZE-chT1W 2223"]
[Site "Czech Republic"]
[Date "2023.04.02"]
[Round "11.4"]
[White "Vavruska, David"]
[Black "Hajiyev, Kanan"]
[Result "0-1"]
[WhiteElo "2205"]
[BlackElo "2153"]
[PlyCount "66"]
[EventDate "2022.10.09"]
[EventType "team-tourn"]
[EventRounds "11"]
[EventCountry "CZE"]
[SourceTitle "EXT 2024"]
[Source "ChessBase"]
[SourceDate "2023.10.10"]
[SourceVersion "1"]
[SourceVersionDate "2023.10.10"]
[SourceQuality "1"]
[WhiteTeam "Neratovice"]
[BlackTeam "Praha DP EA Hotels II"]
[WhiteTeamCountry "CZE"]
[BlackTeamCountry "CZE"]

1. c4 Nf6 2. g3 c6 3. Nf3 d5 4. Bg2 g6 5. b3 Bg7 6. Bb2 0-0 7. 0-0 Bg4 8. Ne5 Nfd7 9. Nd3 Bxb2 10. Nxb2 Nf6 11. d4 Qd7 12. Nc3 Bh3 13. e3 h5 14. Nd3 Kg7 15. Ne5 Qf5 16. cxd5 Bxg2 17. Kxg2 cxd5 18. Qf3 Qe6 19. Rac1 Nbd7 20. Nd3 Qd6 21. Nb5 Qa6 22. a4 Qb6 23. b4 Rac8 24. Qe2 Rh8 25. h3 a5 26. Qb2 e6 27. Rc2 Rc4 28. Rfc1 Rhc8 29. bxa5 Qxa5 30. Nd6 Rxc2 31. Rxc2 Rxc2 32. Qxc2 Qa6 33. Qb3 Qxd6 0-1

[Event "CZE-chT1W 2223"]
[Site "Czech Republic"]
[Date "2022.12.11"]
[Round "5.6"]
[White "Vavruska, David"]
[Black "Kawulok, Marek"]
[Result "0-1"]
[WhiteElo "2205"]
[BlackElo "2153"]
[PlyCount "52"]
[EventDate "2022.10.09"]
[EventType "team-tourn"]
[EventRounds "11"]
[EventCountry "CZE"]
[SourceTitle "CBM 213 Extra"]
[Source "ChessBase"]
[SourceDate "2023.05.31"]
[SourceVersion "1"]
[SourceVersionDate "2023.05.31"]
[SourceQuality "1"]
[WhiteTeam "Neratovice"]
[BlackTeam "Praha Oaza II"]
[WhiteTeamCountry "CZE"]
[BlackTeamCountry "CZE"]

1. c4 c5 2. g3 g6 3. Bg2 Bg7 4. Nc3 Nc6 5. Nf3 d6 6. a3 Bf5 7. d3 Qc8 8. Nd5 Nf6 9. Nxf6+ Bxf6 10. Rb1 Bh3 11. Bxh3 Qxh3 12. b4 0-0 13. e3 b6 14. Bb2 Bxb2 15. Rxb2 Rad8 16. Ke2 Ne5 17. Nxe5 dxe5 18. Qf1 Qh5+ 19. f3 f5 20. Rd2 e4 21. d4 f4 22. g4 Qh6 23. Qf2 fxe3 24. Qxe3 exf3+ 25. Kf2 Qh4+ 26. Kf1 Qh3+ 0-1

[Event "CZE-chT1W 2223"]
[Site "Czech Republic"]
[Date "2022.11.13"]
[Round "3.5"]
[White "Vavruska, David"]
[Black "Vitak, Jiri"]
[Result "1/2-1/2"]
[WhiteElo "2205"]
[BlackElo "2215"]
[PlyCount "99"]
[EventDate "2022.10.09"]
[EventType "team-tourn"]
[EventRounds "11"]
[EventCountry "CZE"]
[SourceTitle "CBM 213 Extra"]
[Source "ChessBase"]
[SourceDate "2023.05.31"]
[SourceVersion "1"]
[SourceVersionDate "2023.05.31"]
[SourceQuality "1"]
[WhiteTeam "Neratovice"]
[BlackTeam "Litomerice Slavoj"]
[WhiteTeamCountry "CZE"]
[BlackTeamCountry "CZE"]

1. c4 e5 2. g3 Nc6 3. Nc3 g6 4. Bg2 Bg7 5. e4 Nge7 6. Nge2 0-0 7. d3 d6 8. Nd5 Bg4 9. f3 Be6 10. Bg5 f6 11. Be3 f5 12. Qd2 Qd7 13. 0-0 Nd8 14. Nxe7+ Qxe7 15. exf5 Bxf5 16. f4 exf4 17. Nxf4 c6 18. d4 Nf7 19. Rae1 Qd7 20. d5 c5 21. Ne6 Rfe8 22. Nxg7 Kxg7 23. Qc3+ Kg8 24. Bf4 Rxe1 25. Rxe1 Re8 26. Bf1 Rxe1 27. Qxe1 Kf8 28. Qe3 Qe7 29. Qxe7+ Kxe7 30. Kf2 Kf6 31. Bd2 Ne5 32. Bc3 g5 33. h3 h5 34. Ke3 Bb1 35. a3 Kf5 36. Bxe5 Kxe5 37. h4 g4 38. Bd3 Ba2 39. Be2 b5 40. cxb5 Bxd5 41. a4 Be4 42. Bd3 Bxd3 43. Kxd3 d5 44. a5 Kd6 45. Kc3 Kc7 46. Kd3 Kd7 47. Ke3 Kc7 48. Kf4 Kd6 49. Ke3 Kc7 50. Kf4 1/2-1/2

[Event "CZE-chT1W 2223"]
[Site "Czech Republic"]
[Date "2022.10.09"]
[Round "1.4"]
[White "Vavruska, David"]
[Black "Trasakova, Adela"]
[Result "1-0"]
[WhiteElo "2205"]
[BlackElo "1836"]
[PlyCount "39"]
[EventDate "2022.10.09"]
[EventType "team-tourn"]
[EventRounds "11"]
[EventCountry "CZE"]
[SourceTitle "CBM 210 Extra"]
[Source "ChessBase"]
[SourceDate "2022.11.30"]
[SourceVersion "1"]
[SourceVersionDate "2022.11.30"]
[SourceQuality "1"]
[WhiteTeam "Neratovice"]
[BlackTeam "Polabiny III"]
[WhiteTeamCountry "CZE"]
[BlackTeamCountry "CZE"]

1. c4 c6 2. g3 d5 3. Nf3 Nf6 4. Bg2 Bg4 5. Ne5 Bh5 6. cxd5 cxd5 7. Qa4+ Nbd7 8. Nc3 e6 9. g4 Bg6 10. h4 h6 11. Nxg6 fxg6 12. Qc2 Kf7 13. h5 g5 14. f4 gxf4 15. d4 Qb6 16. Bxf4 Qxd4 17. e3 Qb4 18. 0-0 Be7 19. Nxd5 exd5 20. Bxd5+ 1-0

[Event "CZE-chT2B 1920"]
[Site "Czech Republic"]
[Date "2020.02.23"]
[Round "9.5"]
[White "Molkanov, Oleg"]
[Black "Vavruska, David"]
[Result "0-1"]
[WhiteElo "2091"]
[BlackElo "2244"]
[PlyCount "60"]
[EventDate "2019.10.13"]
[EventType "team-tourn"]
[EventRounds "11"]
[EventCountry "CZE"]
[SourceTitle "EXT 2024"]
[Source "ChessBase"]
[SourceDate "2023.10.10"]
[SourceVersion "1"]
[SourceVersionDate "2023.10.10"]
[SourceQuality "1"]
[WhiteTeam "Kobylisy"]
[BlackTeam "Podborany"]
[WhiteTeamCountry "CZE"]
[BlackTeamCountry "CZE"]

1. d4 Nf6 2. c4 e6 3. Nf3 b6 4. g3 Bb7 5. Bg2 c5 6. 0-0 cxd4 7. Nxd4 Bxg2 8. Kxg2 Be7 9. Nc3 0-0 10. e4 Nc6 11. Nxc6 dxc6 12. Qe2 e5 13. Rd1 Qc8 14. h3 Qe6 15. b3 Rad8 16. Bb2 Bc5 17. Na4 Bd4 18. Bxd4 exd4 19. f3 c5 20. Nb2 Nh5 21. Nd3 f5 22. e5 Qc6 23. e6 Rde8 24. Re1 Rf6 25. e7 Rg6 26. Kh2 Nxg3 27. Qf2 Qd6 28. Ne5 Ne4 29. fxe4 Qxe5+ 30. Kh1 fxe4 0-1

[Event "CZE-chT2B 1920"]
[Site "Czech Republic"]
[Date "2020.01.26"]
[Round "7.5"]
[White "Bicek, Richard"]
[Black "Vavruska, David"]
[Result "1/2-1/2"]
[WhiteElo "2134"]
[BlackElo "2244"]
[PlyCount "98"]
[EventDate "2019.10.13"]
[EventType "team-tourn"]
[EventRounds "11"]
[EventCountry "CZE"]
[SourceTitle "EXT 2024"]
[Source "ChessBase"]
[SourceDate "2023.10.10"]
[SourceVersion "1"]
[SourceVersionDate "2023.10.10"]
[SourceQuality "1"]
[WhiteTeam "Karlovy Vary Tietz"]
[BlackTeam "Podborany"]
[WhiteTeamCountry "CZE"]
[BlackTeamCountry "CZE"]

1. e4 c5 2. Nc3 Nc6 3. Bb5 Nd4 4. Nf3 Nxb5 5. Nxb5 a6 6. Nc3 d6 7. d4 cxd4 8. Qxd4 e5 9. Qd3 Be7 10. Nd5 Nf6 11. Nxe7 Qxe7 12. Bg5 0-0 13. 0-0 h6 14. Bxf6 Qxf6 15. Rfd1 Rd8 16. c4 Bg4 17. Rd2 Bxf3 18. Qxf3 Qxf3 19. gxf3 Kf8 20. Rad1 Ke7 21. Kg2 Rac8 22. b3 Rc6 23. h4 b5 24. cxb5 axb5 25. Rd5 Rb8 26. f4 exf4 27. Kf3 b4 28. Kxf4 Rc2 29. R1d2 Rxd2 30. Rxd2 Ke6 31. Rd4 Ra8 32. Rxb4 Rxa2 33. f3 h5 34. Rb6 Rh2 35. Kg3 Re2 36. Rb5 g6 37. Rb8 Rb2 38. Kf4 Rh2 39. Kg3 Rh1 40. b4 Rg1+ 41. Kf4 Rh1 42. Kg3 Rg1+ 43. Kh2 Rb1 44. b5 Ke5 45. Kg3 Rg1+ 46. Kf2 Rb1 47. Kg3 Rg1+ 48. Kf2 Rb1 49. Kg3 Rg1+ 1/2-1/2

[Event "CZE-chT2B 1920"]
[Site "Czech Republic"]
[Date "2020.01.12"]
[Round "6.5"]
[White "Vavruska, David"]
[Black "Kotyk, Vaclav"]
[Result "1/2-1/2"]
[WhiteElo "2244"]
[BlackElo "2137"]
[PlyCount "53"]
[EventDate "2019.10.13"]
[EventType "team-tourn"]
[EventRounds "11"]
[EventCountry "CZE"]
[SourceTitle "EXT 2024"]
[Source "ChessBase"]
[SourceDate "2023.10.10"]
[SourceVersion "1"]
[SourceVersionDate "2023.10.10"]
[SourceQuality "1"]
[WhiteTeam "Podborany"]
[BlackTeam "Kladno"]
[WhiteTeamCountry "CZE"]
[BlackTeamCountry "CZE"]

1. c4 e5 2. g3 Nf6 3. Bg2 Bc5 4. Nc3 0-0 5. e3 Re8 6. Nge2 c6 7. d4 exd4 8. exd4 Bb4 9. 0-0 d5 10. cxd5 cxd5 11. Qb3 Nc6 12. Bg5 Bxc3 13. Nxc3 Nxd4 14. Qa4 Ne2+ 15. Nxe2 Rxe2 16. Qb5 Qe8 17. Qxe8+ Rxe8 18. Bxf6 gxf6 19. Bxd5 Be6 20. Bf3 Rac8 21. Rfc1 Rxc1+ 22. Rxc1 Bxa2 23. Ra1 Bc4 24. Bxb7 Re2 25. Ba6 Bxa6 26. Rxa6 Rxb2 27. Rxa7 1/2-1/2

[Event "CZE-chT2B 1819"]
[Site "Czech Republic"]
[Date "2019.03.31"]
[Round "11.5"]
[White "Vavruska, David"]
[Black "Jenicek, Emil"]
[Result "1-0"]
[WhiteElo "2234"]
[BlackElo "2038"]
[PlyCount "81"]
[EventDate "2018.10.14"]
[EventType "team-tourn"]
[EventRounds "11"]
[EventCountry "CZE"]
[SourceTitle "EXT 2022"]
[Source "ChessBase"]
[SourceDate "2021.10.06"]
[SourceVersion "1"]
[SourceVersionDate "2021.10.06"]
[SourceQuality "1"]
[WhiteTeam "Podborany"]
[BlackTeam "Teplice"]
[WhiteTeamCountry "CZE"]
[BlackTeamCountry "CZE"]

1. c4 c5 2. g3 Nf6 3. Bg2 Nc6 4. Nc3 g6 5. Nf3 Bg7 6. 0-0 0-0 7. d4 cxd4 8. Nxd4 Nxd4 9. Qxd4 d6 10. Qd3 Nd7 11. b3 Ne5 12. Qe3 Ng4 13. Qd2 Rb8 14. Bb2 b6 15. Rad1 Nf6 16. e4 Bg4 17. f3 Bd7 18. h3 Bc6 19. f4 Qc7 20. Qe3 Qb7 21. Rf2 Rbd8 22. Rfd2 Rd7 23. e5 dxe5 24. fxe5 Rxd2 25. Rxd2 Ne8 26. Nd5 Bxd5 27. Rxd5 Qc8 28. Qd2 Nc7 29. Rd7 Re8 30. Kh2 a6 31. Bc6 Kf8 32. Rd3 Ne6 33. Bxe8 Kxe8 34. Qb4 Qb7 35. Qa4+ b5 36. cxb5 axb5 37. Qb4 Ng5 38. Qf4 h6 39. h4 Ne6 40. Qf3 Qa7 41. Qc6+ 1-0

[Event "CZE-chT2B 1819"]
[Site "Czech Republic"]
[Date "2019.01.13"]
[Round "6.4"]
[White "Fric, Pavel"]
[Black "Vavruska, David"]
[Result "0-1"]
[WhiteElo "2030"]
[BlackElo "2234"]
[PlyCount "64"]
[EventDate "2018.10.14"]
[EventType "team-tourn"]
[EventRounds "11"]
[EventCountry "CZE"]
[SourceTitle "EXT 2022"]
[Source "ChessBase"]
[SourceDate "2021.10.06"]
[SourceVersion "1"]
[SourceVersionDate "2021.10.06"]
[SourceQuality "1"]
[WhiteTeam "Karlovy Vary Tietz II"]
[BlackTeam "Podborany"]
[WhiteTeamCountry "CZE"]
[BlackTeamCountry "CZE"]

1. d4 d5 2. c4 dxc4 3. Nc3 a6 4. a4 c5 5. d5 e5 6. e4 Bd6 7. Bxc4 Ne7 8. Nge2 0-0 9. 0-0 Nd7 10. Bg5 h6 11. Be3 b6 12. Ng3 Nf6 13. Be2 Qc7 14. Qd2 Kh7 15. Bd3 Ng4 16. Nce2 Bd7 17. f4 Nxe3 18. Qxe3 c4 19. Kh1 cxd3 20. Qxd3 b5 21. f5 Qc4 22. Qf3 Ng8 23. Nh5 g6 24. Neg3 Rac8 25. h4 Be7 26. f6 Bd8 27. axb5 Bxb5 28. Rf2 Bb6 29. Rd2 Qb4 30. Rdd1 Rc2 31. Ng7 Rf2 32. Qg4 Nxf6 0-1

[Event "CZE-chT2B 1819"]
[Site "Czech Republic"]
[Date "2018.11.18"]
[Round "3.4"]
[White "Vavruska, David"]
[Black "Reitingerova, Iveta"]
[Result "0-1"]
[WhiteElo "2234"]
[BlackElo "2052"]
[PlyCount "72"]
[EventDate "2018.10.14"]
[EventType "team-tourn"]
[EventRounds "11"]
[EventCountry "CZE"]
[SourceTitle "EXT 2022"]
[Source "ChessBase"]
[SourceDate "2021.10.06"]
[SourceVersion "1"]
[SourceVersionDate "2021.10.06"]
[SourceQuality "1"]
[WhiteTeam "Podborany"]
[BlackTeam "Louny Union"]
[WhiteTeamCountry "CZE"]
[BlackTeamCountry "CZE"]

1. c4 e5 2. g3 Nf6 3. Bg2 d5 4. cxd5 Nxd5 5. Nc3 Nb6 6. Nf3 Nc6 7. 0-0 Be7 8. d3 0-0 9. a3 Be6 10. b4 f6 11. Bb2 Qe8 12. Ne4 Qf7 13. Rc1 Rfc8 14. Nc5 Bxc5 15. bxc5 Bb3 16. Qd2 Na4 17. Ba1 Rab8 18. d4 exd4 19. Nxd4 Nxd4 20. Qxd4 b6 21. c6 Nc5 22. e4 Re8 23. Rc3 Rbd8 24. Qe3 Bc4 25. Re1 Bb5 26. Rxc5 bxc5 27. Qxc5 a6 28. e5 Qh5 29. Bd5+ Kh8 30. f4 fxe5 31. Bxe5 Qg6 32. Be4 Qg4 33. Qc3 Rd1 34. Kf2 Red8 35. Bf3 R8d2+ 36. Ke3 Rd3+ 0-1

[Event "CZE-chT2B 1819"]
[Site "Czech Republic"]
[Date "2018.11.04"]
[Round "2.5"]
[White "Vavruska, David"]
[Black "Machala, Vladislav"]
[Result "1-0"]
[WhiteElo "2234"]
[BlackElo "2052"]
[PlyCount "70"]
[EventDate "2018.10.14"]
[EventType "team-tourn"]
[EventRounds "11"]
[EventCountry "CZE"]
[SourceTitle "EXT 2022"]
[Source "ChessBase"]
[SourceDate "2021.10.06"]
[SourceVersion "1"]
[SourceVersionDate "2021.10.06"]
[SourceQuality "1"]
[WhiteTeam "Podborany"]
[BlackTeam "Most Chess"]
[WhiteTeamCountry "CZE"]
[BlackTeamCountry "CZE"]

1. c4 e5 2. g3 c6 3. d4 Bb4+ 4. Bd2 Qa5 5. dxe5 Bxd2+ 6. Qxd2 Qxe5 7. Nf3 Qc5 8. Nc3 Nf6 9. e4 0-0 10. 0-0-0 b5 11. e5 Ng4 12. Ne4 Qe7 13. Qd6 Qxd6 14. Rxd6 Re8 15. Bg2 f6 16. cxb5 Nxe5 17. Nxe5 Rxe5 18. Nc3 a6 19. f4 Re8 20. Nd5 Ra7 21. bxc6 dxc6 22. Nb4 Rc7 23. Rhd1 Bg4 24. Rd8 Kf7 25. R1d6 a5 26. Nd3 Bd7 27. Rxe8 Bxe8 28. Rd8 Nd7 29. Ra8 c5 30. Rxa5 c4 31. Nb4 Nc5 32. Kd2 Nb7 33. Ra7 Rd7+ 34. Bd5+ Rxd5+ 35. Nxd5 Bc6 1-0

[Event "CZE-chT2B 1819"]
[Site "Czech Republic"]
[Date "2018.10.14"]
[Round "1.3"]
[White "Freisler, Pavel"]
[Black "Vavruska, David"]
[Result "0-1"]
[WhiteElo "2246"]
[BlackElo "2234"]
[PlyCount "80"]
[EventDate "2018.10.14"]
[EventType "team-tourn"]
[EventRounds "11"]
[EventCountry "CZE"]
[SourceTitle "EXT 2022"]
[Source "ChessBase"]
[SourceDate "2021.10.06"]
[SourceVersion "1"]
[SourceVersionDate "2021.10.06"]
[SourceQuality "1"]
[WhiteTeam "Kladno"]
[BlackTeam "Podborany"]
[WhiteTeamCountry "CZE"]
[BlackTeamCountry "CZE"]

1. Nf3 d5 2. d4 Nf6 3. c4 dxc4 4. e3 e6 5. Bxc4 c5 6. 0-0 a6 7. Qc2 b5 8. Bd3 Nbd7 9. b3 Bb7 10. Bb2 Bd6 11. Nbd2 cxd4 12. exd4 Nd5 13. g3 0-0 14. Ne4 Be7 15. Rac1 N5f6 16. Ne5 Nxe4 17. Bxe4 Bxe4 18. Qxe4 Nxe5 19. dxe5 Qa5 20. a3 Bxa3 21. Bxa3 Qxa3 22. b4 a5 23. bxa5 Qxa5 24. Rc5 Rfc8 25. Rfc1 Rxc5 26. Rxc5 Rb8 27. Qc6 h6 28. Kg2 Qb6 29. Qd6 Qb7+ 30. Kh3 Rc8 31. Rxc8+ Qxc8 32. Qb6 Qc4 33. f4 b4 34. Qd8+ Kh7 35. Qe7 Kg6 36. Kg4 b3 37. h4 Qe2+ 38. Kh3 b2 39. f5+ exf5 40. Qd6+ Kh7 0-1

[Event "CZE-chT2A 1718"]
[Site "Czech Republic"]
[Date "2018.04.08"]
[Round "11.4"]
[White "Vavruska, David"]
[Black "Filipi, Stepan"]
[Result "1/2-1/2"]
[WhiteElo "2232"]
[BlackElo "2173"]
[PlyCount "61"]
[EventDate "2017.10.15"]
[EventType "team-tourn"]
[EventRounds "11"]
[EventCountry "CZE"]
[SourceTitle "EXT 2022"]
[Source "ChessBase"]
[SourceDate "2021.10.06"]
[SourceVersion "1"]
[SourceVersionDate "2021.10.06"]
[SourceQuality "1"]
[WhiteTeam "Podborany"]
[BlackTeam "Vysehrad II"]
[WhiteTeamCountry "CZE"]
[BlackTeamCountry "CZE"]

1. c4 Nf6 2. g3 e5 3. Bg2 d5 4. cxd5 Nxd5 5. Nc3 Nb6 6. Nf3 Nc6 7. 0-0 Be7 8. d3 Be6 9. Be3 0-0 10. Rc1 Nd5 11. Nxd5 Bxd5 12. Qa4 a6 13. Bc5 Bxc5 14. Rxc5 Qd6 15. Rfc1 Bxf3 16. Bxf3 Nd4 17. Rxc7 Nxf3+ 18. exf3 Qxd3 19. Qe4 Qxe4 20. fxe4 b5 21. R1c6 f6 22. Rb6 Rfb8 23. Rxb8+ Rxb8 24. Ra7 Rb6 25. h4 h5 26. b3 Rc6 27. Kg2 Kh7 28. Kf3 Rc3+ 29. Kg2 Rc6 30. Kf1 Rc1+ 31. Kg2 1/2-1/2

[Event "CZE-chT2A 1718"]
[Site "Czech Republic"]
[Date "2018.02.25"]
[Round "9.3"]
[White "Kovar, Josef"]
[Black "Vavruska, David"]
[Result "0-1"]
[WhiteElo "2057"]
[BlackElo "2232"]
[PlyCount "116"]
[EventDate "2017.10.15"]
[EventType "team-tourn"]
[EventRounds "11"]
[EventCountry "CZE"]
[SourceTitle "EXT 2022"]
[Source "ChessBase"]
[SourceDate "2021.10.06"]
[SourceVersion "1"]
[SourceVersionDate "2021.10.06"]
[SourceQuality "1"]
[WhiteTeam "Praha Smichov"]
[BlackTeam "Podborany"]
[WhiteTeamCountry "CZE"]
[BlackTeamCountry "CZE"]

1. b3 d5 2. Bb2 Bf5 3. Nf3 c6 4. g3 Nd7 5. Bg2 h6 6. 0-0 Ngf6 7. c4 e6 8. d3 Be7 9. Nbd2 0-0 10. Rc1 a5 11. a3 Bh7 12. Qc2 Qb6 13. Qb1 Rac8 14. Qa1 Qa6 15. Rc2 b5 16. cxd5 exd5 17. Ne5 Nxe5 18. Bxe5 c5 19. a4 b4 20. Re1 Rfd8 21. Qb2 Ne8 22. g4 Qe6 23. h3 f6 24. Bg3 Bxd3 25. Rcc1 Be4 26. Nxe4 dxe4 27. f4 f5 28. Qc2 Nd6 29. gxf5 Qxf5 30. Kh2 c4 31. bxc4 Rc5 32. Red1 Qe6 33. Rd4 Bf6 34. f5 Rxf5 35. Rxd6 Rxd6 36. Bxe4 Re5 37. Bxe5 Qxe5+ 38. Kh1 b3 39. Bh7+ Kh8 40. Qe4 Qg3 41. Bf5 Rd8 42. Rg1 Qe5 43. Qg4 g5 44. Bb1 Rd4 45. Qf3 Be7 46. Qf7 Qg7 47. Qe6 Rd6 48. Qe4 Rd4 49. Qe6 Qf6 50. Qe3 b2 51. Kg2 Qc6+ 52. Kf2 Rf4+ 53. Ke1 Bb4+ 54. Kd1 Qd6+ 55. Kc2 Rxc4+ 56. Kxb2 Bc3+ 57. Kb3 Qb4+ 58. Kc2 Bd4+ 0-1

[Event "CZE-chT2A 1617"]
[Site "Czech Republic"]
[Date "2017.04.02"]
[Round "11.2"]
[White "Hlavacek, Tomas"]
[Black "Vavruska, David"]
[Result "0-1"]
[WhiteElo "2021"]
[BlackElo "2227"]
[PlyCount "106"]
[EventDate "2016.10.09"]
[EventType "team-tourn"]
[EventRounds "11"]
[EventCountry "CZE"]
[SourceTitle "EXT 2022"]
[Source "ChessBase"]
[SourceDate "2021.10.06"]
[SourceVersion "1"]
[SourceVersionDate "2021.10.06"]
[SourceQuality "1"]
[WhiteTeam "Karlovy Vary Tietz II"]
[BlackTeam "Podborany"]
[WhiteTeamCountry "CZE"]
[BlackTeamCountry "CZE"]

1. e4 c5 2. Nf3 d6 3. d4 cxd4 4. Nxd4 Nf6 5. Nc3 a6 6. g3 e5 7. Nde2 Be7 8. Bg2 Qc7 9. Bg5 Nbd7 10. Rc1 b5 11. a3 Bb7 12. 0-0 0-0 13. Qd2 Rfe8 14. Rfd1 Rad8 15. h4 Nb6 16. b3 d5 17. Bxf6 dxe4 18. Qe3 Bxf6 19. Bxe4 Bxe4 20. Qxe4 Be7 21. a4 b4 22. Nd5 Nxd5 23. Rxd5 Rxd5 24. Qxd5 Rd8 25. Qe4 g6 26. c3 f5 27. Qf3 e4 28. Qf4 Qxf4 29. Nxf4 bxc3 30. Rxc3 Rd1+ 31. Kg2 Rd2 32. Kf1 a5 33. Ke1 Rd7 34. Ke2 Kf7 35. Ng2 Bb4 36. Rc2 Rd3 37. Rb2 h6 38. Ne3 Ke6 39. Nc4 Kd5 40. Ne3+ Ke5 41. Rb1 g5 42. hxg5 hxg5 43. Rd1 f4 44. gxf4+ gxf4 45. Nc4+ Kd4 46. Rb1 Kc3 47. Ne5 Rd2+ 48. Kf1 Kc2 49. Re1 Rd1 50. Rxd1 Kxd1 51. Nc6 Bc3 52. b4 e3 53. bxa5 e2+ 0-1

[Event "CZE-chT2A 1617"]
[Site "Czech Republic"]
[Date "2016.12.11"]
[Round "5.1"]
[White "Vavruska, David"]
[Black "Neuman, Petr"]
[Result "0-1"]
[WhiteElo "2227"]
[BlackElo "2435"]
[PlyCount "74"]
[EventDate "2016.10.09"]
[EventType "team-tourn"]
[EventRounds "11"]
[EventCountry "CZE"]
[SourceTitle "EXT 2022"]
[Source "ChessBase"]
[SourceDate "2021.10.06"]
[SourceVersion "1"]
[SourceVersionDate "2021.10.06"]
[SourceQuality "1"]
[WhiteTeam "Podborany"]
[BlackTeam "Kozolupy"]
[WhiteTeamCountry "CZE"]
[BlackTeamCountry "CZE"]

1. d4 d6 2. e4 Nf6 3. Nc3 e5 4. dxe5 dxe5 5. Qxd8+ Kxd8 6. Bc4 Be6 7. Bxe6 fxe6 8. f3 a6 9. b3 Bd6 10. Bb2 Ke7 11. Nh3 c5 12. Nd1 Nc6 13. Ne3 b5 14. Nf2 Nh5 15. a4 Nf4 16. axb5 axb5 17. Kd2 Bc7 18. Rxa8 Rxa8 19. Kc1 Bb6 20. Nfd1 h5 21. Kb1 Ba5 22. Nc3 Nd4 23. Rf1 Rf8 24. Ncd1 Kd6 25. Bc3 Bb6 26. Kb2 g5 27. h3 Rc8 28. Rf2 Nde2 29. Be1 c4 30. Bb4+ Kd7 31. bxc4 bxc4 32. Rf1 c3+ 33. Ka3 Bd4 34. Ka4 Kc6 35. Be7 Bc5 36. Bxc5 Kxc5 37. Nf2 Nd4 0-1

[Event "CZE-chT2A 1617"]
[Site "Czech Republic"]
[Date "2016.10.09"]
[Round "1.1"]
[White "Vavruska, David"]
[Black "Plischki, Sebastian"]
[Result "0-1"]
[WhiteElo "2227"]
[BlackElo "2372"]
[PlyCount "100"]
[EventDate "2016.10.09"]
[EventType "team-tourn"]
[EventRounds "11"]
[EventCountry "CZE"]
[SourceTitle "EXT 2022"]
[Source "ChessBase"]
[SourceDate "2021.10.06"]
[SourceVersion "1"]
[SourceVersionDate "2021.10.06"]
[SourceQuality "1"]
[WhiteTeam "Podborany"]
[BlackTeam "Praha Dopravni podnik"]
[WhiteTeamCountry "CZE"]
[BlackTeamCountry "CZE"]

1. d4 Nf6 2. Nf3 d5 3. Bf4 c5 4. c3 Qb6 5. Qb3 Nc6 6. e3 c4 7. Qc2 Bf5 8. Qc1 e6 9. h3 h6 10. Be2 Qd8 11. Nbd2 Be7 12. Ne5 0-0 13. 0-0 Nxe5 14. Bxe5 b5 15. Re1 Bd6 16. Bxd6 Qxd6 17. Bf3 Qc6 18. Bd1 Rab8 19. Bc2 b4 20. Bxf5 exf5 21. Qc2 bxc3 22. bxc3 g6 23. Reb1 Rb6 24. Rxb6 axb6 25. Rb1 Ra8 26. Rb4 b5 27. Qb2 Ra5 28. Nb1 Kg7 29. a3 h5 30. f3 Ne8 31. Qf2 Qe6 32. Rb2 Nd6 33. Re2 Ra8 34. Kf1 Qf6 35. Qg3 Re8 36. Ke1 Rxe3 37. Rxe3 f4 38. Qf2 fxe3 39. Qxe3 Nf5 40. Qf4 h4 41. Kf2 Qe7 42. Qe5+ Qxe5 43. dxe5 f6 44. exf6+ Kxf6 45. f4 Ke6 46. Ke2 Kd6 47. Nd2 d4 48. cxd4 Kd5 49. Nf1 Kxd4 50. Kd2 c3+ 0-1

[Event "CZE-chT2B 1011"]
[Site "Czech Republic"]
[Date "2011.01.09"]
[Round "5.2"]
[White "Vavruska, David"]
[Black "Vanek, Tomas"]
[Result "0-1"]
[WhiteElo "2299"]
[BlackElo "2245"]
[PlyCount "110"]
[EventDate "2010.10.17"]
[EventType "team-tourn"]
[EventRounds "11"]
[EventCountry "CZE"]
[SourceTitle "EXT 2012"]
[Source "ChessBase"]
[SourceDate "2011.11.24"]
[SourceVersion "1"]
[SourceVersionDate "2011.11.24"]
[SourceQuality "1"]
[WhiteTeam "Podborany"]
[BlackTeam "Teplice"]
[WhiteTeamCountry "CZE"]
[BlackTeamCountry "CZE"]

1. Nf3 c5 2. g3 Nf6 3. Bg2 Nc6 4. d3 e5 5. Nbd2 h6 6. e4 d6 7. 0-0 Be6 8. c3 Be7 9. Re1 Nh7 10. a3 0-0 11. b4 b5 12. d4 cxd4 13. cxd4 exd4 14. Nb3 d3 15. Qxd3 Bf6 16. Nbd4 Ne5 17. Qd1 Bg4 18. Ra2 Rc8 19. h3 Nxf3+ 20. Nxf3 Be6 21. Rae2 Bc3 22. Bd2 Qb6 23. Bxc3 Rxc3 24. Re3 Rfc8 25. Qd4 Rxe3 26. Qxe3 Qxe3 27. Rxe3 Rc1+ 28. Kh2 Rd1 29. Rc3 Bc4 30. Nh4 g6 31. g4 Nf8 32. Bf3 Rd2 33. Kg3 Ne6 34. Ng2 Rd4 35. Ne3 Ng5 36. Nxc4 bxc4 37. Kf4 d5 38. Ke5 Rd3 39. Rxd3 cxd3 40. Bd1 Nxe4 41. f3 Nc3 42. Bb3 d2 43. Kd4 d1Q+ 44. Bxd1 Nxd1 45. Kxd5 Kg7 46. Kc6 Nc3 47. Kb7 g5 48. Kxa7 Nb5+ 49. Kb6 Nxa3 50. Kc5 Kf6 51. Kd6 Kg6 52. Ke7 Nb5 53. Kf8 Nd4 54. Ke8 Nc2 55. b5 Na3 0-1

[Event "CZE-chT2B 1011"]
[Site "Czech Republic"]
[Date "2010.11.07"]
[Round "2.2"]
[White "Vavruska, David"]
[Black "Muron, Miroslav"]
[Result "1-0"]
[WhiteElo "2299"]
[BlackElo "2224"]
[PlyCount "85"]
[EventDate "2010.10.17"]
[EventType "team-tourn"]
[EventRounds "11"]
[EventCountry "CZE"]
[SourceTitle "EXT 2012"]
[Source "ChessBase"]
[SourceDate "2011.11.24"]
[SourceVersion "1"]
[SourceVersionDate "2011.11.24"]
[SourceQuality "1"]
[WhiteTeam "Podborany"]
[BlackTeam "Praha Dukla"]
[WhiteTeamCountry "CZE"]
[BlackTeamCountry "CZE"]

1. Nf3 d5 2. g3 c5 3. Bg2 Nc6 4. d3 Nf6 5. Nbd2 e5 6. e4 Be7 7. 0-0 0-0 8. a4 Re8 9. exd5 Nxd5 10. Nc4 Bf8 11. Ng5 h6 12. Ne4 Be6 13. Re1 Qc7 14. Bd2 Rad8 15. b3 f5 16. Nc3 Nxc3 17. Bxc3 e4 18. Qh5 Nd4 19. Bxd4 cxd4 20. dxe4 Bxc4 21. bxc4 Bb4 22. Re2 Qxc4 23. Bf3 Qf7 24. exf5 Rxe2 25. Qxf7+ Kxf7 26. Bxe2 Kf6 27. Bd3 Re8 28. Kg2 Re1 29. Rxe1 Bxe1 30. f4 b6 31. Kf3 Bc3 32. Ke2 Bb2 33. g4 Bc1 34. Kf3 a5 35. h4 Bd2 36. g5+ Kf7 37. Kg4 Be3 38. Bc4+ Kf8 39. f6 h5+ 40. Kxh5 Bxf4 41. Kg6 Be5 42. h5 gxf6 43. gxf6 1-0